LEADER 01050nam0-2200337---450- 001 990008166680403321 005 20050926105732.0 010 $a2-84190-128-9 035 $a000816668 035 $aFED01000816668 035 $a(Aleph)000816668FED01 035 $a000816668 100 $a20050719d2004----km-y0itay50------ba 101 0 $afre 102 $aFR 105 $a--------001cy 200 1 $aCritique de l'ethnocentrisme$edu missionnaire anthropophage à l'anthropologue post-développementiste$fMichael Singleton$gpréface Serge Latouche 210 $aParis$cParangon$d©2004 215 $a252 p.$d21 cm 225 1 $a<>après-développement 610 0 $aEtnocentrismo 610 0 $aPaesi industriali$aRelazioni con i paesi in via di sviluppo 676 $a303.482$v21$zita 700 1$aSingleton,$bMichael$0498249 801 0$aIT$bUNINA$gRICA$2UNIMARC 901 $aBK 912 $a990008166680403321 952 $a303.482 SIN 1$b8465$fBFS 959 $aBFS 996 $aCritique de l'ethnocentrisme$9736281 997 $aUNINA LEADER 01511nam0 2200373 i 450 001 CFI0312565 005 20251003044139.0 010 $a8824311482 020 $aIT$b96-3770 100 $a20231121d1995 ||||0itac50 ba 101 | $aita 102 $ait 181 1$6z01$ai $bxxxe 182 1$6z01$an 183 1$6z01$anc$2RDAcarrier 200 1 $aContratto illecito e soluti retentio$el'art. 2035 Cod. civ. tra vecchie e nuove immoralità$fDonato Carusi 210 $aNapoli$cJovene$d1995 215 $aVII, 205 p.$d24 cm. 225 | $aBiblioteca di diritto privato$v45 410 0$1001CFI0012853$12001 $aBiblioteca di diritto privato$v45 606 $aContratti$xCausa$2FIR$3CFIC001509$9I 606 $aIllecito $2FIR$3CFIC062917$9I 676 $a346.022$9DIRITTO PRIVATO. CONSIDERAZIONI GENERALI DEI CONTRATTI$v21 676 $a346.45022$9DIRITTO PRIVATO. CONSIDERAZIONI GENERALI DEI CONTRATTI. ITALIA$v22 700 1$aCarusi$b, Donato$3CFIV120418$4070$0147057 801 3$aIT$bIT-000000$c20231121 850 $aIT-BN0095 $aIT-NA0079 901 $bNAP 01$cD $n$ 901 $bNAP BN$cMAGAZZINO $nmagazzini correnti divisi per anni 912 $aCFI0312565 950 0$aBiblioteca Centralizzata di Ateneo$c1 v.$d 01D (AR) 23 670$e 01AR 0700236705 VMA 1 v.$fY $h19981020$i20200117 977 $a 01$a BN 996 $aContratto illecito e soluti retentio$9271684 997 $aUNISANNIO